| 000 | 00371nam a2200157Ia 4500 | ||
|---|---|---|---|
| 100 | _aMorley/A/ Huges/E | ||
| 650 | _aCarpentery | ||
| 942 | _cBK | ||
| 654 | _aPrinciple Of Electricity In Si Units | ||
| 245 | _aPrinciple Of Electricity In Si Units | ||
| 260 |
_bLongman _aLondon _c1980 |
||
| 082 |
_a537 _bMor/Hug |
||
| 300 | _a384 | ||
| 546 | _aENGLISH | ||
| 999 |
_c23133 _d23133 |
||